Families Mental Health and Challenges in the 21st Century : Proceedings of the 1st International Conference of Applied Psychology on Humanity (ICAPH 2022), Malang, Indonesia, 27 August 2022.

Discussing the challenges in micro-family environments that are faced with rapid developments of technology and information in the 21st century, this book is of interest to professionals and academics involved or interested in psychology, the field of mental health and related disciplines.

Bibliographic Details
Main Author: Arifin, Syamsul.
Other Authors: Yuniardi, Salis., Karmiyati, Diah., Iswinarti., Hasanati, Nida., Winarsunu, Tulus., Suryaningrum, Cahyaning.
Format: eBook
Language:English
Published: Milton : CRC Press LLC, 2023.
Edition:1st ed.
Subjects:
Online Access:Click to View
LEADER 02085nam a22004453i 4500
001 EBC7272994
003 MiAaPQ
005 20231204023229.0
006 m o d |
007 cr cnu||||||||
008 231204s2023 xx o ||||0 eng d
020 |a 9781000982213  |q (electronic bk.) 
020 |z 9781032514420 
035 |a (MiAaPQ)EBC7272994 
035 |a (Au-PeEL)EBL7272994 
035 |a (OCoLC)1395188291 
040 |a MiAaPQ  |b eng  |e rda  |e pn  |c MiAaPQ  |d MiAaPQ 
082 0 |a 155.924 
100 1 |a Arifin, Syamsul. 
245 1 0 |a Families Mental Health and Challenges in the 21st Century :  |b Proceedings of the 1st International Conference of Applied Psychology on Humanity (ICAPH 2022), Malang, Indonesia, 27 August 2022. 
250 |a 1st ed. 
264 1 |a Milton :  |b CRC Press LLC,  |c 2023. 
264 4 |c Ã2024. 
300 |a 1 online resource (228 pages) 
336 |a text  |b txt  |2 rdacontent 
337 |a computer  |b c  |2 rdamedia 
338 |a online resource  |b cr  |2 rdacarrier 
520 |a Discussing the challenges in micro-family environments that are faced with rapid developments of technology and information in the 21st century, this book is of interest to professionals and academics involved or interested in psychology, the field of mental health and related disciplines. 
588 |a Description based on publisher supplied metadata and other sources. 
590 |a Electronic reproduction. Ann Arbor, Michigan : ProQuest Ebook Central, 2023. Available via World Wide Web. Access may be limited to ProQuest Ebook Central affiliated libraries.  
655 4 |a Electronic books. 
700 1 |a Yuniardi, Salis. 
700 1 |a Karmiyati, Diah. 
700 1 |a Iswinarti. 
700 1 |a Hasanati, Nida. 
700 1 |a Winarsunu, Tulus. 
700 1 |a Suryaningrum, Cahyaning. 
776 0 8 |i Print version:  |a Arifin, Syamsul  |t Families Mental Health and Challenges in the 21st Century  |d Milton : CRC Press LLC,c2023  |z 9781032514420 
797 2 |a ProQuest (Firm) 
856 4 0 |u https://ebookcentral.proquest.com/lib/matrademy/detail.action?docID=7272994  |z Click to View